000 00894nam a22001817a 4500
003 OSt
005 20251214161529.0
008 251214b |||||||| |||| 00| 0 eng d
040 _cDCL
082 _a၉၁၅.၄၉၂
100 0 _aခြိမ့်၊
_cဦး။
245 1 0 _aဘင်္ဂလားသွား သံအဖွဲ့မှတ်တမ်း /
_cဦးခြိမ့်။
264 _aမန္တလေး ၊
_bကြီးပွားရေးစာပေတိုက်၊
_c၂၀၀၉။
300 _a၁၃၃ စာမျက်နှာ ၊
_c၂၀ စင်တီ။
650 _aခရီးသွားမှတ်တမ်း
_zဘင်္ဂလားဒေ့ရှ်
651 _aဘင်္ဂလားဒေ့ရှ်
_xဒေသန္တရနှင့်ခရီးသွား။
942 _2ddc
_cSHORT TERM
_n0
999 _c2700
_d2700